Nuestra escuela celebra el Bicentenario del Naciomiento del Patricio Juan Pablo Duarte y Diez (1813-2013) (Record no. 7686)
[ view plain ]
| 000 -LEADER | |
|---|---|
| campo de control de longitud fija | 00500nam a2200133Ia 4500 |
| 001 - NÚMERO DE CONTROL | |
| campo de control | 3728 |
| 008 - DATOS DE LONGITUD FIJA--INFORMACIÓN GENERAL | |
| campo de control de longitud fija | 241024s9999 xx 000 0 und d |
| 082 ## - NÚMERO DE LA CLASIFICACIÓN DECIMAL DEWEY | |
| Número de clasificación | RD/907.7/R426m |
| 100 ## - ENTRADA PRINCIPAL--NOMBRE DE PERSONA | |
| Nombre de persona | República Dominicana.Ministerio de Educación.Viceministerio de Servicios Técnicos y Pedagógicos. Currículo |
| 245 #0 - MENCIÓN DEL TÍTULO | |
| Título | Nuestra escuela celebra el Bicentenario del Naciomiento del Patricio Juan Pablo Duarte y Diez (1813-2013) |
| 260 ## - PUBLICACIÓN, DISTRIBUCIÓN, ETC. | |
| Nombre del editor, distribuidor, etc. | Santo Domingo |
| Fecha de publicación, distribución, etc. | 2013 |
| 901 ## - ELEMENTOS DE DATOS A LOCAL LDA (RLIN) | |
| a | 7/3/2014 12:01:36 p.m. |
No items available.